|
|
|
|
| LEADER |
00000nam0a2200000 4500 |
| 001 |
374364 |
| 005 |
20231101051105.0 |
| 035 |
|
|
|a (RuTPU)RU\TPU\retro\31798
|
| 035 |
|
|
|a RU\TPU\book\206947
|
| 090 |
|
|
|a 374364
|
| 100 |
|
|
|a 20221219d1963 m y0rusy50 ca
|
| 101 |
0 |
|
|a rus
|
| 102 |
|
|
|a RU
|
| 105 |
|
|
|a a j 001zy
|
| 200 |
1 |
|
|a Гидравлика
|f Е. З. Рабинович
|
| 205 |
|
|
|a 4-е изд., стер.
|
| 210 |
|
|
|a Москва
|c Физматгиз
|d 1963
|
| 215 |
|
|
|a 408 с.
|c ил.
|
| 320 |
|
|
|a Библиогр.: с. 402.
|
| 320 |
|
|
|a Предметный указатель: с. 404-408.
|
| 610 |
1 |
|
|a гидравлика
|
| 610 |
1 |
|
|a гидростатика
|
| 610 |
1 |
|
|a понятия
|
| 610 |
1 |
|
|a уравнения
|
| 610 |
1 |
|
|a гидравлические сопротивления
|
| 610 |
1 |
|
|a жидкости
|
| 610 |
1 |
|
|a истечение
|
| 610 |
1 |
|
|a движение
|
| 610 |
1 |
|
|a водосливы
|
| 610 |
1 |
|
|a учебники
|
| 675 |
|
|
|a 532(075.8)
|v 3
|
| 700 |
|
1 |
|a Рабинович
|b Е. З.
|g Ефим Зиновьевич
|
| 801 |
|
1 |
|a RU
|b 63413507
|c 20110117
|
| 801 |
|
2 |
|a RU
|b 63413507
|c 20221219
|g RCR
|
| 942 |
|
|
|c BK
|